Wszystkie Kraje Świata Yakko – Quiz z mapą - Statystyki

Ogólne statystyki
  • Ten quiz został rozwiązany 784 razy
    754 od ostatniego zresetowania
  • Średni wynik to 27 z 148
Odpowiedzi na mapie
Odpowiedzi zakodowano w zielono-czerwonej skali na mapie do tego quizu, zgodnie z poniższymi procentami.
 
Statystyki odpowiedzi
Odpowiedź % Poprawnych
Są {Stany}
97%
Kanada
91%
Jest {Meksyk}
86%
Panama
55%
Haiti
43%
Jamajka
41%
Peru
40%
Dominikana
35%
Kuba
33%
Z {Karaib} papuga
30%
A {Salwador} tu
29%
I {Wenezuela}
26%
Kolumbia
26%
Puerto Rico
25%
Boliwia
24%
Brazylia
24%
Chile
24%
Grenlandia
24%
{Gujana} to tam
24%
Gwatemala
24%
i {Argentyna}
24%
Ekwador
23%
Honduras
23%
I {Niemcy} gdzie czasem jest śnieg
23%
Kostaryka
23%
Belize
22%
{Norwegia} i
22%
Szwecja
22%
Bahamy
21%
{Finlandia} bezpieczna
21%
i {Guam}
21%
Nikaragua
21%
Paragwaj
21%
{Surinam} niedługi
21%
Urugwaj
21%
Bermudy
19%
Gujana
19%
i {Austria}
19%
San Juan
19%
Szwajcaria
19%
A niżej {Włoch}
18%
Barbados
18%
Przy {Czechach}
18%
Słowacja
18%
Tobago
18%
a {Hiszpania} tu
17%
I cały {świat}
17%
Warszawa
17%
Bukareszt
16%
i {Anglia}
16%
i {Grek}
16%
Irlandia
16%
{Japonia} też jest
16%
są {Chiny}
16%
tam {Francja}
16%
tu {Dania}
16%
Afganistan
15%
{Bhutan} też
15%
Birma
15%
Edynburg
15%
i {Azja} potężna
15%
I {Egipt} zamyka ten krąg
15%
i {Irak}
15%
i {Liban}
15%
Indie
15%
Izrael
15%
Jest {Syria}
15%
Kambodża
15%
Malezja
15%
Mongolia
15%
Nepal
15%
Pakistan
15%
Tirana
15%
Turek
15%
a {Iran}
14%
Algieria
14%
A {Sierra Leone} ma styl
14%
atole {Filipin}
14%
Australia
14%
a z {Czadem}
14%
{Bahrajn} ze snu
14%
Borneo
14%
Botswana
14%
Bułgarskie
14%
Burundi
14%
Cypryjskie
14%
i {Ghana}
14%
i {Togo}
14%
Jemen
14%
Jest {Kenia}
14%
Jest z {Nigrem}
14%
Jordania
14%
Kuwejt
14%
Laos
14%
Lesotho
14%
Liberia
14%
Lizbona
14%
Malawi
14%
Nigeria
14%
Saudyjskie
14%
Sri Lanka
14%
Tajlandia
14%
Tajwan
14%
Tybet
14%
Węgierskie
14%
Wietnam
14%
Angola
13%
Beneluks
13%
Dżakarta
13%
Dżibuti
13%
Gwinea
13%
i {Gambia}
13%
I {Mali}
13%
i {Zambia}
13%
Maroko
13%
Mozambik
13%
Nowa Gwinea
13%
Przy {Tanzanii}
13%
Somalii
13%
Suazi
13%
Sumatra
13%
Tunezja
13%
Uganda
13%
W nowej {Jugosławii}
13%
Zelandia
13%
Zimbabwe
13%
Abu Dhabi
12%
Andora
12%
Bośnia
12%
Chorwacja
12%
Etiopia
12%
Gwinea Bissau
12%
Hong Kong
12%
I {Kongo}
12%
I {Libia}
12%
I {Serbia}
12%
I {Słowenia}
12%
Kamerun
12%
Komory
12%
Madagaskar
12%
{Majorka} jak kwiat
12%
{Malta} i
12%
Monako
12%
Namibia
12%
Rwanda
12%
Senegal
12%
Zair
12%
Dahomej
11%
Nie znaleziono quizów pasujących do podanych kryteriów
Rozkład punktacji
Procent ludzi z każdym wynikiem
Percentyl według liczby udzielonych odpowiedzi
Twoja historia wyników
Nie rozwiązałeś tego quizu od ostatniego zresetowania